000
00282nam a22001217a 4500
008
160426b xxu||||| |||| 00| 0 eng d
020
_a
9780838571101
020
_a
08385710107
041
_a
eng
080
_a
618.2
245
_a
Nursing theories:
_c
Julia B. George;
942
_2
udc
_c
BK
999
_c
1593
_d
1593